| 000 | 00362nam a22001337a 4500 | ||
|---|---|---|---|
| 008 | 240910b |||||||| |||| 00| 0 eng d | ||
| 040 |
_aNational Science Library _cNational Science Library |
||
| 080 |
_a582.47=30 _bJ5 |
||
| 100 | _aKrussmann, Gerd | ||
| 245 | _aDie nadelgeholze | ||
| 260 |
_aBerlin: _bPaul Parey, _c1955 |
||
| 300 | _a394p. | ||
| 942 |
_2udc _cBK |
||
| 999 |
_c66737 _d66737 |
||